| 000 | 01208nam a22003377a 4500 | ||
|---|---|---|---|
| 003 | CHAP | ||
| 005 | 20220817041314.0 | ||
| 008 | 971013s1981 cr a r 00010 spa d | ||
| 010 | _a10911 | ||
| 011 | _a11883 | ||
| 020 | _a9290390174 | ||
| 035 | _a11631 | ||
| 040 | _cCHAP | ||
| 082 | 1 | 0 |
_a631.4913 _bS3Y |
| 100 | 0 | 0 |
_aSánchez, Pedro A. _9107961 |
| 245 | 1 | 0 |
_aSuelos del trópico : _bcaracterísticas y manejo _c/por Pedro A. Sánchez |
| 260 |
_aSan José, Costa Rica : _bIICA, _c1981 |
||
| 300 |
_a634 p. : _bilus. |
||
| 490 |
_aSerie de libros y materiales educativos _v; 48 |
||
| 590 |
_aBATCH-UPD _b10 _c20130110 _lUCH01 _h1919 |
||
| 590 |
_aBATCH-UPD _b10 _c20130410 _lUCH01 _h1245 |
||
| 590 |
_aBATCH-UPD _b10 _c20130914 _lUCH01 _h2021 |
||
| 590 |
_aCONVERSION _b10 _c20130109 _lUCH01 _h1307 |
||
| 650 | 1 | 4 |
_aSuelos tropicales. _9110563 |
| 830 | 0 |
_aSerie de libros y materiales educativos _v; 48 |
|
| 901 | _aBK | ||
| 942 | _cLIBRO | ||
| 949 |
_a631.4913 S3Y _bBC _cLIBRO _d33724000080578 _eLIBRO _fc.2 _gI.130469 _h69220 _i11631 _si |
||
| 949 |
_a631.4913 S3Y _bBC _cLIBRO _d33724002243819 _eLIBRO _fc.3 _gDonaciØn _h115244 _i11631 _si |
||
| 949 |
_a631.4913 S3Y _bBC _cLIBRO _d33724002318108 _eLIBRO _h60740 _i11631 _si |
||
| 999 |
_c10911 _d10911 |
||